000 00161nam a22000857a 4500
082 _a823
100 _aSHAUNAK SRIVASTAVA
245 _aCHANDAMAM STORIES
942 _cBK
999 _c8513
_d8513